000 00629nam a2200229Ii 4500
003 JO-AjNU
008 230606s9999||||xx |||||||||||||| ||und||
017 _a2014/4/1540
020 _a978-81-203-4495-2
040 _aJO-AjNU
_beng
_erda
_cJO-AjNU
041 _aeng
050 1 4 _aTA705.2012
100 3 _aVarghese,
_eauthor
_93879
245 0 0 _aEngineering Geology for Civil Engineers
250 _a1 ed
264 3 1 _aNew Delhi:PHL Learning, 2012
300 _a238p
336 _atext
_btxt
_2rdacontent
337 _aunmediated
_bn
_2rdamedia
338 _avolume
_bnc
_2rdacarrier
650 4 _aEngineering Geology
_93880
999 _aE2023
_c2022
_d2022